000 00345nam a2200133Ia 4500
008 200103s9999||||xx |||||||||||||| ||und||
040 _aIMU-MPC
082 _aColumn-48
100 _aShah, L. B. and Shah, R. T.
245 0 _aAdvanced topics in Strength of Materials
260 _bAcharya Book Depot, Baroda
_c1964
300 _a348
942 _cBK
999 _c9599
_d9599